| 000 | 00590ntaaa2200205 4500 | ||
|---|---|---|---|
| 003 | 01 | ||
| 005 | 20251027202833.0 | ||
| 008 | 0714s1973 ag 01 | ||
| 040 |
_aAR-BaBN _bspa _cAR-BaBN _eaacr _dRIC |
||
| 082 | _a268.6100 N42 | ||
| 100 |
_aNewbury, Josephine _928974 |
||
| 245 | _aNursery-kindergarten weekday education in the church | ||
| 250 | _a1 ed. | ||
| 260 |
_aRichmond, VA : _bCooperative Publishing Association, John Knox Press, _cc1960 |
||
| 300 | _a203 p | ||
| 650 |
_aeducación religiosa _94601 |
||
| 650 | _ajardín de infantes | ||
| 650 |
_apárvulos _93768 |
||
| 942 | _cBK | ||
| 999 |
_c23770 _d23770 |
||